Normal view
MARC view
- Electrification
Entry Topical Term
001 - CONTROL NUMBER
- control field: 9022
003 - CONTROL NUMBER IDENTIFIER
- control field: OSt
005 - DATE AND TIME OF LATEST TRANSACTION
- control field: 20170731111115.0
008 - FIXED-LENGTH DATA ELEMENTS
- fixed length control field: 170731|| aca||aabn | a|a d
040 ## - CATALOGING SOURCE
- Original cataloging agency: OSt
- Transcribing agency: OSt
150 ## - HEADING--TOPICAL TERM
- Topical term or geographic name entry element: Electrification
- General subdivision: Law and legislation
- Geographic subdivision: Malaysia
670 ## - SOURCE DATA FOUND
- Source citation: Work cat.: (OSt)0: Malaysia 400, Akta Bekalan Elektrik 1990 (Akta 447), Peraturan-Peraturan Elektrik, Akta Bekalan Elektrik (Syarikat Pengganti) 1990 (Akta 448) :, 2017

PORTAL AKMAL
E-MEL JKDM
AKMAL2U
G-BAM
u-PUSTAKA